[Event "Berlin-ch Seniors op 32nd"]
[Site "Berlin"]
[Date "2016.01.28"]
[Round "3"]
[White "Komischke Friedel, Sigrid"]
[Black "Tham, Franz"]
[Result "0-1"]
[WhiteElo "873"]
[BlackElo "1585"]
[PlyCount "82"]
[EventDate "2016.01.26"]
[EventType "swiss"]
[EventRounds "9"]
[EventCountry "GER"]
[SourceTitle "EXT 2019"]
[Source "ChessBase"]
[SourceDate "2018.10.10"]
[SourceVersion "1"]
[SourceVersionDate "2018.10.10"]
[SourceQuality "1"]

1. d4 g6 2. e4 Bg7 3. Nf3 d6 4. Bg5 h6 5. Bh4 Nf6 6. Nc3 0-0 7. d5 Bd7 8. Be2 c6 9. 0-0 cxd5 10. Nxd5 Nxd5 11. Qxd5 Bc6 12. Qc4 Nd7 13. Rad1 Nb6 14. Qb4 a5 15. Qa3 Bxe4 16. c4 Bxf3 17. Qxf3 Qc7 18. b3 Nd7 19. Bg3 Ne5 20. Qe4 Nd7 21. Rc1 Nf6 22. Qf3 b6 23. c5 bxc5 24. Rc4 Nd7 25. Qe4 Nf6 26. Qd3 Nd7 27. Bf3 Rab8 28. h4 Be5 29. Bd5 Kh8 30. f4 Bd4+ 31. Kh2 Nf6 32. Qf3 e6 33. Be4 d5 34. Bd3 dxc4 35. Bxc4 Rbd8 36. f5 Be5 37. Bxe5 Qxe5+ 38. g3 Rd2+ 39. Kg1 Qd4+ 40. Kh1 Ng4 41. fxg6 Rh2# 0-1

[Event "Berlin-ch Seniors op 32nd"]
[Site "Berlin"]
[Date "2016.01.26"]
[Round "1"]
[White "Gaertner, Michael"]
[Black "Tham, Franz"]
[Result "1-0"]
[WhiteElo "1866"]
[BlackElo "1585"]
[PlyCount "55"]
[EventDate "2016.01.26"]
[EventType "swiss"]
[EventRounds "9"]
[EventCountry "GER"]
[SourceTitle "EXT 2019"]
[Source "ChessBase"]
[SourceDate "2018.10.10"]
[SourceVersion "1"]
[SourceVersionDate "2018.10.10"]
[SourceQuality "1"]

1. e4 c5 2. Nf3 Nc6 3. d4 cxd4 4. Nxd4 g6 5. Nxc6 bxc6 6. Nd2 Bg7 7. c3 Nf6 8. Bd3 0-0 9. Nf3 h6 10. 0-0 Kh7 11. Re1 d6 12. h3 a5 13. Bd2 Ng8 14. Rb1 c5 15. Bc2 Be6 16. Bb3 c4 17. Bc2 Rb8 18. Nd4 Bd7 19. Ba4 Bxd4 20. cxd4 Ra8 21. d5 e5 22. Rc1 Qc7 23. Bxd7 Qxd7 24. Rxc4 Rfc8 25. Rxc8 Qxc8 26. Qa4 f5 27. Rc1 Qf8 28. Rc7+ 1-0

[Event "Berlin Lieb Memorial 1st"]
[Site "Berlin"]
[Date "2015.06.18"]
[Round "5"]
[White "Barlo, Werner"]
[Black "Tham, Franz"]
[Result "1-0"]
[WhiteElo "1813"]
[BlackElo "1615"]
[PlyCount "89"]
[EventDate "2015.05.21"]
[EventType "swiss"]
[EventRounds "7"]
[EventCountry "GER"]
[SourceTitle "EXT 2022"]
[Source "ChessBase"]
[SourceDate "2021.10.06"]
[SourceVersion "1"]
[SourceVersionDate "2021.10.06"]
[SourceQuality "1"]

1. d4 Nf6 2. c4 g6 3. Nc3 Bg7 4. e4 d6 5. h3 0-0 6. Be3 h6 7. Nf3 Kh7 8. Be2 b6 9. 0-0 Bb7 10. Qc2 Nc6 11. a3 e6 12. Rac1 Ng8 13. d5 Nce7 14. Bd3 e5 15. Nh2 f5 16. exf5 Nxf5 17. Nf3 Bc8 18. Bd2 Nfe7 19. Nh4 Bf5 20. Nxf5 Nxf5 21. Rce1 Nge7 22. Ne2 Qd7 23. Be3 Rf6 24. g4 Nd4 25. Nxd4 exd4 26. Bxd4 Rf3 27. Bxg7 Rxh3 28. Re6 Kxg7 29. Kg2 Rh4 30. Kg3 g5 31. Qc3+ Kg8 32. Rfe1 Rf8 33. f3 Rf4 34. Bc2 h5 35. Rxe7 Rfxg4+ 36. fxg4 Qxg4+ 37. Kf2 Rh2+ 38. Ke3 Rh3+ 39. Kd2 Rxc3 40. Kxc3 Qf3+ 41. R1e3 Qf6+ 42. Kb3 h4 43. Rxc7 Kf8 44. Ka2 g4 45. Ba4 1-0

[Event "Berlin Lieb Memorial 1st"]
[Site "Berlin"]
[Date "2015.06.04"]
[Round "3"]
[White "Tham, Franz"]
[Black "Starke, Rene Reiner"]
[Result "0-1"]
[WhiteElo "1615"]
[BlackElo "1880"]
[PlyCount "103"]
[EventDate "2015.05.21"]
[EventType "swiss"]
[EventRounds "7"]
[EventCountry "GER"]
[SourceTitle "EXT 2022"]
[Source "ChessBase"]
[SourceDate "2021.10.06"]
[SourceVersion "1"]
[SourceVersionDate "2021.10.06"]
[SourceQuality "1"]

1. Nf3 d5 2. d4 Nf6 3. c4 c6 4. Nc3 e6 5. e3 Nbd7 6. cxd5 exd5 7. Bd3 Bd6 8. 0-0 0-0 9. b3 Re8 10. Bb2 Nf8 11. Rc1 Bg4 12. Be2 h6 13. Ne5 Bxe2 14. Nxe2 N6d7 15. Nd3 Nh7 16. Nc5 Rb8 17. Nd3 Nhf6 18. Nc3 Ne4 19. b4 a6 20. Nxe4 Rxe4 21. Nc5 Re8 22. a3 Nf6 23. Rc2 Ne4 24. Qg4 Nf6 25. Qe2 Qe7 26. Bc1 Kh7 27. Re1 g6 28. Qd2 Ne4 29. Nxe4 Qxe4 30. f3 Qh4 31. g3 Qh5 32. Qg2 f5 33. Rce2 g5 34. e4 fxe4 35. fxe4 dxe4 36. Rxe4 Qg6 37. Rxe8 Rxe8 38. Rxe8 Qxe8 39. Qc2+ Kg8 40. Kg2 Qe6 41. Qd3 Bf8 42. Kf2 Bg7 43. Be3 Kf7 44. Ke1 Ke7 45. Qe2 Kd6 46. d5 cxd5 47. Bc5+ Kd7 48. Qxe6+ Kxe6 49. Ke2 Kf5 50. h3 Ke4 51. a4 h5 52. a5 0-1

[Event "Berlin-ch Seniors op 30th"]
[Site "Berlin"]
[Date "2014.02.03"]
[Round "5"]
[White "Tham, Franz"]
[Black "Fey, Jens"]
[Result "0-1"]
[WhiteElo "1273"]
[BlackElo "1460"]
[PlyCount "82"]
[EventDate "2014.01.30"]
[EventType "swiss"]
[EventRounds "9"]
[EventCountry "GER"]
[SourceTitle "EXT 2018"]
[Source "ChessBase"]
[SourceDate "2017.10.13"]
[SourceVersion "1"]
[SourceVersionDate "2017.10.13"]
[SourceQuality "1"]

1. Nf3 d5 2. d4 Nc6 3. c4 e6 4. Nc3 Nf6 5. a3 a6 6. Bg5 Be7 7. e3 0-0 8. cxd5 Nxd5 9. Bxe7 Ncxe7 10. Bd3 Nc6 11. 0-0 f5 12. Qc2 h6 13. b4 Bd7 14. Na4 Nce7 15. Nc5 Bc8 16. Nb3 Bd7 17. Nc5 Bc8 18. Rfe1 b6 19. Nb3 Ng6 20. Rac1 Ra7 21. e4 Ndf4 22. exf5 Nxd3 23. Qxd3 Rxf5 24. Qc4 Kh8 25. Rcd1 b5 26. Qc2 Qd7 27. Ne5 Nxe5 28. dxe5 Qe7 29. Qc5 Qxc5 30. Nxc5 Rf8 31. h3 a5 32. Ra1 Kh7 33. Nb3 axb4 34. axb4 Rxa1 35. Rxa1 Rf4 36. Ra8 Bb7 37. Ra7 Bd5 38. Nc5 c6 39. Nd7 Kg6 40. Nf8+ Rxf8 41. Ra3 Rf5 0-1

[Event "Berlin-ch Seniors op 27th"]
[Site "Berlin"]
[Date "2011.02.02"]
[Round "5"]
[White "Tham, Franz"]
[Black "Kolkwitz, Klaus"]
[Result "1-0"]
[WhiteElo "1401"]
[BlackElo "1672"]
[PlyCount "31"]
[EventDate "2011.01.29"]
[EventType "swiss"]
[EventRounds "9"]
[EventCountry "GER"]
[SourceTitle "EXT 2012"]
[Source "ChessBase"]
[SourceDate "2011.11.24"]
[SourceVersion "1"]
[SourceVersionDate "2011.11.24"]
[SourceQuality "1"]

1. c4 Nf6 2. d4 d6 3. Nc3 g6 4. e4 Bg7 5. h3 0-0 6. Nf3 Nbd7 7. Be3 c5 8. d5 a6 9. Bd3 Ne8 10. 0-0 Nc7 11. Qc1 Ne5 12. Nxe5 Bxe5 13. Bh6 Bg7 14. Ne2 e5 15. Ng3 Qh4 16. Bg5 1-0

[Event "Berlin-ch Seniors op 27th"]
[Site "Berlin"]
[Date "2011.02.01"]
[Round "4"]
[White "Klemp, Joachim"]
[Black "Tham, Franz"]
[Result "1-0"]
[WhiteElo "2005"]
[BlackElo "1401"]
[PlyCount "61"]
[EventDate "2011.01.29"]
[EventType "swiss"]
[EventRounds "9"]
[EventCountry "GER"]
[SourceTitle "EXT 2012"]
[Source "ChessBase"]
[SourceDate "2011.11.24"]
[SourceVersion "1"]
[SourceVersionDate "2011.11.24"]
[SourceQuality "1"]

1. d4 Nf6 2. Nc3 g6 3. e4 d6 4. f4 Bg4 5. Nf3 Bh6 6. h3 Bxf3 7. Qxf3 0-0 8. Be3 e5 9. dxe5 dxe5 10. fxe5 Bxe3 11. Qxe3 Nh5 12. h4 c6 13. g4 Ng7 14. h5 Ne6 15. hxg6 fxg6 16. Bc4 Qe7 17. Qh6 Rf7 18. Rd1 Qc5 19. Rd8+ Nxd8 20. Qxh7+ Kf8 21. Bxf7 Nxf7 22. Rf1 Qc4 23. Qxg6 Nd7 24. e6 Qxf1+ 25. Kxf1 Nde5 26. Qf6 Re8 27. exf7 Re7 28. Ke2 Nxf7 29. g5 Ke8 30. g6 Nh6 31. Qh8+ 1-0

[Event "Berlin-ch Seniors op 27th"]
[Site "Berlin"]
[Date "2011.01.29"]
[Round "1"]
[White "Tham, Franz"]
[Black "Koerner, Helmut"]
[Result "1-0"]
[WhiteElo "1401"]
[BlackElo "1770"]
[PlyCount "65"]
[EventDate "2011.01.29"]
[EventType "swiss"]
[EventRounds "9"]
[EventCountry "GER"]
[SourceTitle "EXT 2012"]
[Source "ChessBase"]
[SourceDate "2011.11.24"]
[SourceVersion "1"]
[SourceVersionDate "2011.11.24"]
[SourceQuality "1"]

1. c4 e5 2. Nc3 Nc6 3. Nf3 g6 4. d4 exd4 5. Nb5 Bg7 6. Nbxd4 Nge7 7. e4 Nxd4 8. Nxd4 0-0 9. Nf3 d6 10. Bd3 Nc6 11. a3 Bg4 12. h3 Bxf3 13. Qxf3 Re8 14. 0-0 Nd4 15. Qd1 c5 16. Rb1 a6 17. b4 Qc7 18. f4 f5 19. exf5 Nxf5 20. Bxf5 Bd4+ 21. Kh1 gxf5 22. Bb2 Re4 23. Qh5 Qg7 24. Qxf5 Re2 25. Qd5+ Kh8 26. Bxd4 cxd4 27. Rbd1 Rg8 28. g4 Rge8 29. Qxd6 R8e3 30. Qd8+ Qg8 31. Qxd4+ Qg7 32. Qd8+ Qg8 33. Qf6+ 1-0